Indian polity for civil services examinations / (Record no. 538)

000 -LEADER
fixed length control field 00497 a2200157 4500
008 - FIXED-LENGTH DATA ELEMENTS--GENERAL INFORMATION
fixed length control field 210413b ||||| |||| 00| 0 eng d
020 ## - INTERNATIONAL STANDARD BOOK NUMBER
International Standard Book Number 9789352603633
082 00 - DEWEY DECIMAL CLASSIFICATION NUMBER
Classification number 320.954076
Item number L4259
100 ## - MAIN ENTRY--PERSONAL NAME
Personal name Laxmikanth, M.
9 (RLIN) 4898
245 ## - TITLE STATEMENT
Title Indian polity for civil services examinations /
250 ## - EDITION STATEMENT
Edition statement 5th ed.
260 ## - PUBLICATION, DISTRIBUTION, ETC. (IMPRINT)
Place of publication, distribution, etc New Delhi:
Name of publisher, distributor, etc McGraw Hill Education (India) Pvt. Ltd.,
Date of publication, distribution, etc 2018.
300 ## - PHYSICAL DESCRIPTION
Extent xxxix, Axviii.3 p.
650 #0 - SUBJECT ADDED ENTRY--TOPICAL TERM
Topical term or geographic name as entry element Indian Polity
General subdivision Indian Constitution
942 ## - ADDED ENTRY ELEMENTS (KOHA)
Source of classification or shelving scheme
Item type Books
Holdings
Withdrawn status Lost status Source of classification or shelving scheme Damaged status Not for loan Permanent location Current location Date acquired Source of acquisition Cost, normal purchase price Total Checkouts Full call number Barcode Date last seen Date last borrowed Cost, replacement price Koha item type
          IMU Kolkata IMU Kolkata 2019-10-21 University Book House 503.75 1 320.954076 L4259 13674 2022-09-05 2022-08-16 775.00 Books
          IMU Kolkata IMU Kolkata 2019-10-21 University Book House 503.75   320.954076 L4259 13675 2019-10-21   775.00 Books
          IMU Kolkata IMU Kolkata 2019-10-21 University Book House 503.75   320.954076 L4259 13676 2019-10-21   775.00 Books
          IMU Kolkata IMU Kolkata 2019-10-21 University Book House 503.75 1 320.954076 L4259 13677 2022-08-18 2022-08-16 775.00 Books
Designed and Maintained by IMU-KC Library, Kolkata Campus © Copyright All Rights Reserved

webs counters

Powered by Koha